000 00340nam a2200133Ia 4500
005 20260328101530.0
008 260328s9999||||xx |||||||||||||| ||und||
100 _aGordon, Douglas E.
245 0 _aHow Architecture Works /
_cDouglas E. Gordon
260 _bVan Nostrand Reinhold
300 _a187 p.
650 _aARQUITECTURA
942 _cBK
999 _c9941
_d9941